000 02090nam a2200301Ia 4500
001 D4303
003 IT-RoPAU
008 130308s9999 xx 000 0 und d
040 _aIT-RoPAU
040 _cIT-RoPAU
041 _aFRANCESE
100 _aTodorov Tzvetan
100 _gCodice Aut. SPICS: 714
245 _aNous et les autres. La reflexion francaise sur la diversitè humaine
245 _bNous et Les Autres. La Reflexion Francaise Sur la Diversite' Humaine
250 _a1a ed.
260 _aPARIS
260 _bSeuil
260 _c1989 [1° Ed.:1989 - Ed.Ling.Originale:1989]
300 _a"460 p. (prefazione: no ; testo: 460)"
500 _aNoi e gli Altri: Riflessione Francese Sulla Diversità Umana. Universale Erelativo: Etnocentrismo: Spirito Classico, Origine dei Valori, Etnocentrismo Scientifico. Scientismo: Libertà, Stato Universale. Montaigne: Deduzione dell'Universale. Evoluzione del Relativismo: Helvetius, Renan, Relativismo e Politica. Levi Strauss: Orizzonte Relativista, Critica dell'Umanesimo, Effetti dell'Umanesimo, Orizzonte dell'Universalità. razza e Razzismo: Determinismo Scientifico, regno della Scienza, Moralità Superiore. Gobineau: razza e Civilizzazione, razza e Storia. Renan: Razze Linguistiche, Scienza contro Religione, fede nella Ragione. Voci del Razzialismo: Razze Storiche,Razzialismo Come Scientismo, Scientismo e totalitarismo. nazione e Nazionalismo: Distinzioni e Definizioni, Uomo o Cittadino, Evoluzione delle dottrine Nazionaliste. tocqueville: contro la Schiavitu', per le Colonie, Convinzione e Responsabilità. Michelet: Determinismo della Libertà. Renan e Barres: Libertà contro Determinismo, nazione Politica e nazione Culturale. Peguy: Diritti dei Popoli e Unità di Territorio, Eroismo e Pietà. conseguenze del Nazionalismo. Esotico: del buon Uso degli Altri, Chateaubriand, Loti,Segalen, Viaggiatori Moderni. Moderazione: Umanesimo ben Temperato. Bibliografia.
650 _aEPISTEMOLOGIA
650 _eCodice materia Spics: 3051
942 _cBK
957 _71
999 _c65349
_d65349
999 _bSI
999 _g1